Aprendiendo a redactar 4

-д хадгалсан:
Номзүйн дэлгэрэнгүй
Үндсэн зохиолчид: Balmaceda Riera, Carmen (Зохиогч), Del Valle Vidal, Ana María (Зохиогч)
Формат: Ном
Хэл сонгох:испани
Хэвлэсэн: Santiago Santillana 1993
Нөхцлүүд:
Шошгууд: Шошго нэмэх
Шошго байхгүй, Энэхүү баримтыг шошголох эхний хүн болох!

MARC

LEADER 00000nam a2200000 a 4500
001 UCH7034
003 CL-VaPUC
008 091109e19930000CL |||||||||||||||||spa|d
020 |a 9561503069 
082 0 4 |a 372.62  |b BAL  |2 21 
100 0 |a Balmaceda Riera, Carmen  |e author  |9 543516 
700 0 |a Del Valle Vidal, Ana María  |e author  |9 543517 
245 1 0 |a Aprendiendo a redactar 4 
300 |a 64 p 
942 |c BK 
945 |d 20091109 00:00:00  |a ccalabra 
260 |a Santiago  |b Santillana  |c 1993 
650 0 |a Educación  |9 258661 
650 0 |a Recursos educacionales   |9 283370 
650 0 |a Gramática española  |9 403055 
650 0 |a Lingüística  |9 265068 
650 0 |a Redacción de textos  |9 446760 
650 0 |a Composición literaria  |9 324494 
650 0 |a Ejercicios de escritura  |9 346986 
583 |a last modification  |c 20091109 00:00:00  |k Rodrigo Vera 
999 |c 337791  |d 337789